[Event "PRO League Group Stage"]
[Site "chess.com INT"]
[Date "2019.01.21"]
[Round "3"]
[White "Abdusattorov, Nodirbek"]
[Black "Raja, Harshit"]
[Result "0-1"]
[WhiteTitle "GM"]
[BlackTitle "IM"]
[WhiteElo "2560"]
[BlackElo "2432"]
[WhiteTeam "Volga Stormbringers"]
[BlackTeam "Mumbai Movers"]
[WhiteFideId "14204118"]
[BlackFideId "5089000"]
[EventDate "2019.01.08"]

1. e4 c5 2. Nf3 d6 3. d4 cxd4 4. Nxd4 Nf6 5. f3 e5 6. Nb3 d5 7. Bg5 d4 8. c3 Nc6
9. Bb5 h6 10. Bh4 Qb6 11. Bxc6+ bxc6 12. cxd4 Ba6 13. Nc3 Rd8 14. Bf2 exd4 15.
e5 Nd7 16. Qc2 c5 17. Nd5 Qb7 18. Qe4 Nb6 19. Nf4 Qxe4+ 20. fxe4 Nc4 21. Nd3 Rc8
22. Rc1 Be7 23. h4 O-O 24. Rh3 Rc7 25. Nf4 Rfc8 26. Nd5 Rb7 27. Rc2 Bf8 28. Nf4
Rd7 29. Nd3 Rdc7 30. Rc1 Bb5 31. Rg3 Be7 32. Rh3 Kf8 33. a3 Ba6 34. Nd2 Nb6 35.
Nf4 Bb7 36. e6 Bd6 37. Rf3 f6 38. h5 Ke8 39. Ng6 Rd8 40. Bg3 Bxg3+ 41. Rxg3 Bc8
42. Nf4 Rd6 43. b4 c4 44. Nf3 d3 45. Kd2 Na4 46. Rc3 Nxc3 47. Kxc3 Bxe6 48. Nd2
Bg8 49. Re3 a5 50. e5 axb4+ 51. axb4 fxe5 52. Rxe5+ Re7 53. Ra5 Re1 54. Ra8+ Rd8
55. Rxd8+ Kxd8 56. Nf3 Rc1+ 57. Kd2 Rc2+ 58. Kd1 Bf7 59. Ne5 Be8 60. Ne6+ Ke7
61. Nxg7 Ba4 62. Ke1 d2+ 63. Ke2 Ra2 0-1

[Event "PRO League Group Stage"]
[Site "chess.com INT"]
[Date "2019.01.21"]
[Round "3"]
[White "Kosteniuk, Alexandra"]
[Black "Ladva, Ottomar"]
[Result "1-0"]
[WhiteTitle "GM"]
[BlackTitle "GM"]
[WhiteElo "2537"]
[BlackElo "2497"]
[WhiteTeam "Moscow Wizards"]
[BlackTeam "Estonia Horses"]
[WhiteFideId "4128125"]
[BlackFideId "4500024"]
[EventDate "2019.01.08"]

1. e4 e5 2. Nf3 Nf6 3. Nxe5 d6 4. Nf3 Nxe4 5. d4 d5 6. Bd3 Nc6 7. O-O Be7 8.
Nbd2 Bf5 9. Re1 Nxd2 10. Qxd2 Bxd3 11. Qxd3 O-O 12. Re2 Qd7 13. Bf4 Rae8 14.
Rae1 a6 15. h3 h6 16. Qb3 Na5 17. Ne5 Qf5 18. Qg3 Bg5 19. Bxg5 Qxg5 20. Qf3 Qd8
21. Qc3 c6 22. b3 Re7 23. Nd3 Rxe2 24. Rxe2 b6 25. Qe1 Qf6 26. Ne5 Rd8 27. Re3
Re8 28. Nd7 1-0

[Event "PRO League Group Stage"]
[Site "chess.com INT"]
[Date "2019.01.21"]
[Round "3"]
[White "Dobrov, Vladimir"]
[Black "Chukavin, Kirill"]
[Result "1-0"]
[WhiteTitle "GM"]
[BlackTitle "FM"]
[WhiteElo "2478"]
[BlackElo "2307"]
[WhiteTeam "Moscow Wizards"]
[BlackTeam "Estonia Horses"]
[WhiteFideId "4136594"]
[BlackFideId "4503023"]
[EventDate "2019.01.08"]

1. d4 Nf6 2. c4 e6 3. Nf3 d5 4. Nc3 c6 5. e3 Nbd7 6. Qc2 Bd6 7. g4 h6 8. Rg1 e5
9. Bd2 dxc4 10. Bxc4 exd4 11. Nxd4 Nb6 12. Be2 Bxh2 13. Rg2 Be5 14. Nf3 Bd6 15.
O-O-O Qe7 16. Nd4 Bd7 17. Nf5 Bxf5 18. gxf5 h5 19. Rxg7 h4 20. e4 Qc7 21. Kb1 h3
22. Bg5 Nbd7 23. Bc4 h2 24. Rh1 Rh7 25. Bxf7+ Kf8 26. Rxh7 Nxh7 27. Bh6+ Kxf7
28. Qb3+ Ke8 29. Qe6+ Kd8 30. f4 Nc5 31. Qg8+ Nf8 32. Bxf8 1-0

[Event "PRO League Group Stage"]
[Site "chess.com INT"]
[Date "2019.01.21"]
[Round "3"]
[White "Meshkovs, Nikita"]
[Black "Lushenkov, Mikhail"]
[Result "1/2-1/2"]
[WhiteTitle "GM"]
[BlackTitle "IM"]
[WhiteElo "2557"]
[BlackElo "2434"]
[WhiteTeam "Estonia Horses"]
[BlackTeam "Moscow Wizards"]
[WhiteFideId "11602740"]
[BlackFideId "4162129"]
[EventDate "2019.01.08"]

1. Nf3 d5 2. g3 Nc6 3. d4 Bf5 4. Bg2 Nb4 5. Na3 e6 6. c3 Na6 7. O-O h6 8. Nc2
Nf6 9. b3 Be7 10. Bb2 O-O 11. Rc1 c5 12. Ne3 Be4 13. Nd2 Bxg2 14. Kxg2 cxd4 15.
cxd4 Rc8 16. Rxc8 Qxc8 17. Qb1 Qb8 18. Rc1 Rc8 19. a3 Rxc1 20. Qxc1 Qc7 21. Qb1
Nb8 22. Nd1 Nbd7 23. Qd3 a6 24. f3 Qa5 25. Qc3 Qxc3 26. Nxc3 b5 27. e4 b4 28.
Ncb1 a5 29. a4 Nb6 30. h3 h5 31. e5 Nfd7 32. f4 g6 33. Nf3 Nxa4 34. bxa4 Nb6 35.
Nbd2 Nxa4 36. Ba1 Nb6 37. Nb3 Nc4 38. Nc5 Kf8 39. Kf2 Bxc5 40. dxc5 b3 41. Ke2
a4 42. Kd3 a3 43. Kc3 b2 44. Bxb2 axb2 45. Kc2 Ke7 46. Kb1 Kd7 47. Nd4 Kc7 48.
g4 hxg4 49. hxg4 g5 50. f5 exf5 51. e6 fxe6 52. Nxe6+ Kc6 53. gxf5 g4 54. f6 Ne5
55. Kxb2 g3 56. Nf4 Kxc5 57. Kc2 Kc4 58. Kd2 d4 59. Ke2 Kc3 60. Kf1 d3 61. Nxd3
Kxd3 62. Kg2 Ke4 63. Kxg3 Kf5 64. f7 Nxf7 1/2-1/2

[Event "PRO League Group Stage"]
[Site "chess.com INT"]
[Date "2019.01.21"]
[Round "3"]
[White "Ehlvest, Jaan"]
[Black "Vastrukhin, Oleg"]
[Result "1/2-1/2"]
[WhiteTitle "GM"]
[WhiteElo "2521"]
[BlackElo "2413"]
[WhiteTeam "Estonia Horses"]
[BlackTeam "Moscow Wizards"]
[WhiteFideId "4500016"]
[BlackFideId "4192770"]
[EventDate "2019.01.08"]

1. d4 g6 2. e4 Bg7 3. Nf3 c6 4. h3 d5 5. Nc3 Nf6 6. Bd3 dxe4 7. Nxe4 Nxe4 8.
Bxe4 Bf5 9. Bxf5 Qa5+ 10. c3 Qxf5 11. O-O O-O 12. Re1 Re8 13. Bg5 Qd7 14. Ne5
Bxe5 15. dxe5 Qxd1 16. Raxd1 c5 17. e6 Nc6 18. Rd7 b6 19. exf7+ Kxf7 20. Bf4 Kf6
21. g4 g5 22. Bg3 h6 23. f4 Rad8 24. Rc7 Rc8 25. Rxc8 Rxc8 26. f5 e5 27. fxe6
Re8 28. Bd6 Rxe6 29. Rxe6+ Kxe6 30. Bf8 Kf6 31. Bxh6 Ne5 32. Kg2 Nd3 33. b3 Kg6
34. Bf8 Nc1 35. a4 Nxb3 36. Bd6 Nd2 37. Bb8 Ne4 38. Bxa7 Nxc3 39. a5 bxa5 40.
Bxc5 a4 41. Be7 Nb5 42. h4 gxh4 43. Kh3 a3 44. Bxa3 Nxa3 45. Kxh4 Nc4 46. g5 Ne5
47. Kg3 Kxg5 1/2-1/2

[Event "PRO League Group Stage"]
[Site "chess.com INT"]
[Date "2019.01.21"]
[Round "3"]
[White "Jobava, Baadur"]
[Black "Zakhartsov, Vladimir"]
[Result "1-0"]
[WhiteTitle "GM"]
[BlackTitle "IM"]
[WhiteElo "2629"]
[BlackElo "2483"]
[WhiteTeam "Tbilisi Gentlemen"]
[BlackTeam "Moscow Phoenix"]
[WhiteFideId "13601520"]
[BlackFideId "4145097"]
[EventDate "2019.01.08"]

1. d4 Nf6 2. c4 g6 3. Nc3 d5 4. Bg5 Ne4 5. h4 Bg7 6. cxd5 Nxc3 7. bxc3 Qxd5 8.
e3 c5 9. Qf3 Qxf3 10. Nxf3 Nc6 11. Bb5 Bd7 12. Rb1 h6 13. Bf4 a6 14. Bd3 b5 15.
Ke2 cxd4 16. cxd4 O-O 17. d5 Na5 18. Rhc1 Rfc8 19. Be5 Bg4 20. Bxg7 Kxg7 21. Kd2
Rxc1 22. Rxc1 Rc8 23. Rxc8 Bxc8 24. Kc3 Nb7 25. Nd4 Nc5 26. Bc2 Bd7 27. Kb4 Nb7
28. Nb3 Kf8 29. Na5 Nd6 30. Kc5 Ke8 31. e4 f6 32. f4 Kd8 33. e5 fxe5 34. fxe5
Nf5 35. h5 Be8 36. g4 Ne3 37. Bxg6 Nxg4 38. Kd4 Nh2 39. Nb7+ Kc7 40. Nc5 Bd7 41.
Nxa6+ Kd8 42. Nc5 Nf3+ 43. Ke4 Ng5+ 44. Ke3 Bg4 45. a3 Kc7 46. Ne4 Nxe4 47. Kxe4
Kb6 48. Kd4 Ka5 49. Kc5 Ka4 50. e6 Kxa3 51. Kxb5 Kb3 52. Kc6 Bf3 53. Kd7 Bxd5
54. Kxe7 Kc4 55. Kd6 Bxe6 56. Kxe6 Kc5 57. Kf7 Kd6 58. Kg7 Ke7 59. Kxh6 Kf8 60.
Kh7 1-0

[Event "PRO League Group Stage"]
[Site "chess.com INT"]
[Date "2019.01.21"]
[Round "3"]
[White "Jojua, Davit"]
[Black "Golubov, Saveliy"]
[Result "1/2-1/2"]
[WhiteTitle "GM"]
[BlackTitle "IM"]
[WhiteElo "2588"]
[BlackElo "2482"]
[WhiteTeam "Tbilisi Gentlemen"]
[BlackTeam "Moscow Phoenix"]
[WhiteFideId "13602543"]
[BlackFideId "24176729"]
[EventDate "2019.01.08"]

1. d4 Nf6 2. Nf3 g6 3. c4 Bg7 4. g3 O-O 5. Bg2 d6 6. Nc3 Nc6 7. O-O Bd7 8. Bf4
a6 9. Rc1 Rb8 10. a3 Ng4 11. h3 e5 12. Bg5 f6 13. d5 Nd4 14. hxg4 fxg5 15. Nh2
b5 16. e3 bxc4 17. exd4 exd4 18. Ne4 Rxb2 19. Rxc4 Bb5 20. Qc1 Bxc4 21. Qxc4 Qe7
22. Qxa6 h6 23. Qd3 Ra8 24. Ra1 Qd7 25. Nf3 Qb5 26. Qxb5 Rxb5 27. Nfd2 d3 28.
Rc1 Rxa3 29. Rxc7 Rb2 30. Bf1 Ra1 31. Kg2 Rd1 32. Nc4 Rc2 33. Rc8+ Kh7 34. Rc7
Kg8 35. Rc8+ Kh7 36. Rc7 d2 37. Nf6+ Kh8 38. Ne5 Bxf6 39. Nxg6+ Kg8 40. Rxc2 Bc3
41. Be2 Re1 42. Rxc3 Rxe2 43. Rd3 Kf7 44. Nf4 gxf4 45. gxf4 h5 46. gxh5 Kf6 47.
Kf3 Re8 48. Rxd2 Rh8 49. Re2 Kf5 50. Re6 Rxh5 51. Rxd6 Rh3+ 52. Kg2 Rd3 53. Rd8
Kxf4 54. d6 Ke5 55. d7 Ke6 56. f3 Ke7 57. Re8+ Kxd7 58. Re2 Rd6 59. Kg3 Rg6+ 60.
Kf4 Rf6+ 61. Kg4 Rg6+ 62. Kf5 Rg8 63. f4 Rf8+ 64. Kg4 Rg8+ 65. Kf3 Rf8 66. Re5
Kd6 67. Ke4 Ra8 68. Kf5 Rf8+ 69. Kg4 Rg8+ 70. Rg5 Ra8 71. Rg6+ Ke7 72. Kg5 Kf7
73. Rb6 Ra7 74. f5 Kg7 75. Rc6 Rb7 76. Ra6 Rc7 77. Rb6 Ra7 78. Rh6 Rb7 79. f6+
Kg8 80. Kg6 Rg7+ 81. Kf5 Ra7 82. Rh1 Ra2 83. Re1 Kf7 84. Re7+ Kf8 85. Rb7 Rf2+
86. Kg6 1/2-1/2

[Event "PRO League Group Stage"]
[Site "chess.com INT"]
[Date "2019.01.21"]
[Round "3"]
[White "Martirosyan, Haik M."]
[Black "Harikrishna, Pentala"]
[Result "1/2-1/2"]
[WhiteTitle "GM"]
[BlackTitle "GM"]
[WhiteElo "2607"]
[BlackElo "2730"]
[WhiteTeam "Armenia Eagles"]
[BlackTeam "Delhi Dynamite"]
[WhiteFideId "13306553"]
[BlackFideId "5007003"]
[EventDate "2019.01.08"]

1. Nf3 d5 2. g3 c5 3. c4 Nf6 4. cxd5 Nxd5 5. Bg2 Nc6 6. O-O e6 7. Nc3 Be7 8.
Nxd5 Qxd5 9. d4 Qd8 10. dxc5 Qxd1 11. Rxd1 Bxc5 12. Bf4 f6 13. Rac1 Be7 14. Nd2
Bd7 15. Be3 Kf7 16. Ne4 Rhd8 17. Nd6+ Bxd6 18. Rxd6 Be8 19. Rxd8 Rxd8 20. a3 Rc8
21. b4 b6 22. f4 Ne7 23. Rxc8 Nxc8 24. Kf2 Nd6 25. Bc1 f5 26. Ke3 Bb5 27. Bf3
Ke7 28. Kd4 g6 29. g4 Nf7 30. Bb2 Kd7 31. gxf5 gxf5 32. Bh5 Nd6 33. Bc1 Bc6 34.
e3 Ke7 35. Bd1 Nb5+ 36. Kc4 a6 37. a4 Bd5+ 38. Kd3 Be4+ 39. Kc4 Bd5+ 40. Kd3
Be4+ 41. Kd2 Nc7 42. Kc3 Kd6 43. Kd4 b5 44. Bb2 bxa4 45. Bxa4 Nb5+ 46. Kc4 Bd5+
47. Kd3 Ke7 48. Be5 Kd7 49. h4 Bf3 50. Kc4 Kc6 51. Kd3 Kd7 52. Kd2 Ke7 53. Kd3
Kd7 54. Kd2 Ke7 55. Ke1 Na7 56. Bd4 Nb5 57. Kf2 Nxd4 58. exd4 Bd5 59. Ke3 Kd6
60. Bd1 Kc6 61. Ba4+ Kb6 62. Kd2 a5 63. Kc3 h6 64. Be8 Ka6 65. Ba4 Kb6 66. Bc2
axb4+ 67. Kxb4 Kc6 68. Ba4+ Kd6 69. Kc3 Be4 70. Kd2 Bd5 71. Ke3 Bc4 72. Bd1 Bd5
73. Be2 Be4 74. Bh5 Bd5 75. Bd1 Be4 76. Bb3 Bd5 77. Ba4 Be4 78. Bb3 Bd5 79. Bc2
Bc4 80. Kd2 Bd5 81. Bd1 Be4 82. Be2 Bd5 83. Bd3 Bf3 84. Ke3 Bd5 85. Bc2 Bc4 86.
Bd1 Bd5 87. Be2 Bc6 88. Bc4 Bd5 89. Ba6 Be4 90. Kd2 Bd5 91. Kc3 Be4 92. Bc4 Bd5
93. Bd3 Bf3 94. Kd2 Bd5 95. Bc2 Bf3 96. Ke3 Bd5 97. Bd3 Bc6 98. Bc4 Bd5 99. Ba6
Be4 100. Kd2 Bd5 101. Kc3 Bf3 102. Bd3 Bd5 103. Kb4 Bf3 104. Bc4 Bd5 105. Bd3
Bf3 106. Kc3 Bd5 107. Kd2 Bc6 108. Ke3 Bd5 109. Bb5 Be4 110. Be8 Bd5 111. Bh5
Be4 112. Bd1 Bd5 113. Be2 Be4 114. Bc4 Bd5 115. Bd3 Bc6 116. Kd2 Bd5 117. Kc3
Bf3 118. Kc4 Bd5+ 119. Kb4 Bf3 120. Bc4 Bd5 121. Be2 Be4 122. Kc3 Bd5 123. Bb5
Be4 124. Ba6 Bd5 125. Be2 Be4 126. Bd1 Bd5 127. Bc2 Bf3 128. Kd2 Bd5 129. Ke3
Bc4 130. Bd1 Bd5 131. Be2 Be4 132. Bh5 Bd5 133. Bf7 Be4 134. Kd2 Bd5 135. Bh5
Be4 136. Be2 Bd5 137. Bd3 Bf3 138. Bc2 Bd5 139. Ke3 Bc4 140. Bd1 Bd5 1/2-1/2

[Event "PRO League Group Stage"]
[Site "chess.com INT"]
[Date "2019.01.21"]
[Round "3"]
[White "Andriasian, Zaven"]
[Black "Gupta, Abhijeet"]
[Result "1/2-1/2"]
[WhiteTitle "GM"]
[BlackTitle "GM"]
[WhiteElo "2604"]
[BlackElo "2581"]
[WhiteTeam "Armenia Eagles"]
[BlackTeam "Delhi Dynamite"]
[WhiteFideId "13302000"]
[BlackFideId "5010608"]
[EventDate "2019.01.08"]

1. e4 c5 2. Nf3 d6 3. Nc3 Nc6 4. Bb5 Bd7 5. Bxc6 Bxc6 6. d4 cxd4 7. Qxd4 e5 8.
Qd3 h6 9. O-O Nf6 10. Nd2 Be7 11. Nc4 O-O 12. Ne3 b5 13. a3 Re8 14. Rd1 Qc7 15.
Nxb5 Qb7 16. Nxd6 Bxd6 17. Qxd6 Bxe4 18. Qb4 Qc6 19. Rd6 a5 20. Rxc6 axb4 21.
Rc5 bxa3 22. bxa3 Ra4 23. Bb2 Nd7 24. Rc7 Nf8 25. Rc4 Rxc4 26. Nxc4 Bxc2 27.
Nxe5 Rb8 28. Bc3 Ne6 29. h3 Nf4 30. Bd2 Ne2+ 31. Kh2 Ba4 32. Re1 Rb2 33. Be3 Ra2
34. Rb1 f6 35. Nc4 Rc2 36. Nd6 Nc3 37. Rb7 Bc6 38. Rc7 Nd5 39. Rc8+ Kh7 40. Nf5
Ba4 41. Rxc2 Bxc2 42. Nd4 Ba4 43. Bd2 Kg6 44. Kg3 f5 45. Ne6 Bc6 46. f3 Kf6 47.
Nc5 Nb6 48. Bc3+ Kf7 49. Bd4 g5 50. h4 Nd7 51. Nd3 Kg6 52. hxg5 hxg5 53. Nb2 f4+
54. Kf2 Kf5 55. a4 g4 56. fxg4+ Kxg4 57. a5 Bb5 58. Nd1 Nf8 59. Nc3 Ba6 60. Nd5
Ne6 61. Be5 Kf5 62. Bb8 Bb7 63. Nb4 Nc5 64. Ba7 Na6 65. Nc2 Ke4 66. Bb6 Bc8 67.
Nd4 Nb4 68. Nf3 Nd3+ 69. Kg1 Ne5 70. Nd2+ Kd3 71. Nf1 f3 72. gxf3 Nxf3+ 73. Kf2
Nd4 74. Ne3 Nc6 75. Nd5 Kc4 76. Nc7 Nb4 77. Ke3 Nd5+ 78. Nxd5 Kxd5 79. Kd2 Ba6 1/2-1/2

[Event "PRO League Group Stage"]
[Site "chess.com INT"]
[Date "2019.01.21"]
[Round "3"]
[White "Narayanan, S.L."]
[Black "Sargsyan, Anna M."]
[Result "1-0"]
[WhiteTitle "GM"]
[BlackTitle "WFM"]
[WhiteElo "2575"]
[BlackElo "2339"]
[WhiteTeam "Delhi Dynamite"]
[BlackTeam "Armenia Eagles"]
[WhiteFideId "5058422"]
[BlackFideId "13308130"]
[EventDate "2019.01.08"]

1. Nf3 d5 2. g3 c6 3. Bg2 Bg4 4. O-O Nd7 5. h3 Bxf3 6. Bxf3 Ngf6 7. d3 e6 8. e4
Be7 9. Qe2 O-O 10. e5 Ne8 11. d4 c5 12. c3 Nc7 13. Be3 Rc8 14. Bg2 Na6 15. f4
Kh8 16. Nd2 cxd4 17. Bxd4 Bc5 18. Nb3 Bxd4+ 19. Nxd4 Qb6 20. Kh1 Nc7 21. f5 exf5
22. Nxf5 Rce8 23. Qg4 Qg6 24. Qxg6 hxg6 25. Nd6 Re7 26. Nxb7 Rxe5 27. Rae1 Rb8
28. Nd6 Kg8 29. b3 f6 30. c4 d4 31. Rd1 Re2 32. Rfe1 Rxe1+ 33. Rxe1 Ne5 34. Rd1
d3 35. Bf1 Rd8 36. Nb7 Rd4 37. Nc5 d2 38. Kg2 Ne8 39. Kf2 Nd6 40. g4 g5 41. Ke3
Rf4 42. Bg2 Kf7 43. Bd5+ Ke7 44. Rxd2 Rf1 45. Re2 f5 46. Kd4 Rd1+ 47. Kxe5 f4
48. Ne4 f3 49. Rf2 1-0

[Event "PRO League Group Stage"]
[Site "chess.com INT"]
[Date "2019.01.21"]
[Round "3"]
[White "Tarini, Goyal"]
[Black "Sargsyan, Shant"]
[Result "0-1"]
[WhiteTitle "WFM"]
[BlackTitle "IM"]
[WhiteElo "2150"]
[BlackElo "2486"]
[WhiteTeam "Delhi Dynamite"]
[BlackTeam "Armenia Eagles"]
[WhiteFideId "5082749"]
[BlackFideId "13306766"]
[EventDate "2019.01.08"]

1. d4 g6 2. c4 Bg7 3. g3 c5 4. d5 d6 5. Bg2 Nf6 6. Nf3 O-O 7. O-O e6 8. Nc3 exd5
9. cxd5 a6 10. a4 Re8 11. Bf4 Ne4 12. Nxe4 Rxe4 13. Nd2 Rxf4 14. gxf4 Bxb2 15.
Rb1 Bg7 16. Re1 Nd7 17. e4 Nf6 18. a5 Nh5 19. Qf3 Bh6 20. Nc4 Bxf4 21. Nb6 Rb8
22. Nxc8 Qxc8 23. Bh3 Qd8 24. Bg4 Qg5 25. Kh1 Nf6 26. Rg1 Qe5 27. Rbe1 Bxh2 28.
Rg2 Bf4 29. Qe2 b5 30. f3 c4 31. Qf2 Qc3 32. Rf1 Qxa5 33. Qa7 Qb6 34. Qe7 Qd8
35. Qa7 a5 36. Rfg1 Nxe4 37. Re1 Qh4+ 0-1

[Event "PRO League Group Stage"]
[Site "chess.com INT"]
[Date "2019.01.21"]
[Round "3"]
[White "Sychev, Klementy"]
[Black "Quparadze, Giga"]
[Result "1/2-1/2"]
[WhiteTitle "IM"]
[BlackTitle "GM"]
[WhiteElo "2537"]
[BlackElo "2493"]
[WhiteTeam "Moscow Phoenix"]
[BlackTeam "Tbilisi Gentlemen"]
[WhiteFideId "4114060"]
[BlackFideId "13602250"]
[EventDate "2019.01.08"]

1. e4 c5 2. Nf3 e6 3. d4 cxd4 4. Nxd4 a6 5. Bd3 Ne7 6. O-O g6 7. c4 Bg7 8. Nb3
Nbc6 9. Nc3 O-O 10. Be2 f5 11. Bg5 h6 12. Be3 fxe4 13. Nxe4 d5 14. cxd5 exd5 15.
Nec5 b6 16. Nd3 Nf5 17. Bd2 Bb7 18. Nf4 Qd6 19. g3 Ne5 20. Bc3 Rad8 21. Nd4 Nxd4
22. Bxd4 Rc8 23. Qb3 g5 24. Nh5 Nf3+ 25. Bxf3 Bxd4 26. Rad1 Rc4 27. Qd3 b5 28.
Bg2 Bxb2 29. f4 Rd4 30. Qc2 Rxd1 31. Rxd1 Bg7 32. Qd3 Qb6+ 33. Kh1 d4 34. Nxg7
Bxg2+ 35. Kxg2 Qb7+ 36. Qf3 Qxg7 37. Qd5+ Qf7 38. Qxf7+ Rxf7 39. Rxd4 gxf4 40.
gxf4 Rc7 41. a4 Rb7 42. axb5 axb5 43. Rb4 Kf7 44. Kf3 Ke6 45. Ke4 Kf6 46. h3 Rb8
47. h4 Ke6 48. h5 Kf6 49. Kd5 Kf5 50. Kc6 Kg4 51. Rxb5 Rxb5 52. Kxb5 Kxh5 53.
Kc4 Kg4 54. Kd3 Kxf4 55. Ke2 Kg3 56. Kf1 h5 57. Kg1 h4 58. Kh1 h3 59. Kg1 h2+
60. Kh1 Kh3 1/2-1/2

[Event "PRO League Group Stage"]
[Site "chess.com INT"]
[Date "2019.01.21"]
[Round "3"]
[White "Afanasiev, Nikita"]
[Black "Volkov, Nika"]
[Result "1/2-1/2"]
[WhiteTitle "FM"]
[WhiteElo "2508"]
[BlackElo "2153"]
[WhiteTeam "Moscow Phoenix"]
[BlackTeam "Tbilisi Gentlemen"]
[WhiteFideId "24183555"]
[BlackFideId "13604376"]
[EventDate "2019.01.08"]

1. Nf3 e6 2. c4 d5 3. e3 Nf6 4. b3 Be7 5. Bb2 O-O 6. Qc2 c5 7. Be2 Nc6 8. O-O b6
9. cxd5 Nxd5 10. a3 Bf6 11. d4 Qe7 12. dxc5 Bxb2 13. Qxb2 Qxc5 14. Rc1 Qd6 15.
Nbd2 Bb7 16. b4 Rac8 17. Ne4 Qe7 18. Qb3 Rc7 19. Qa4 Rfc8 20. Ba6 Nd4 21. Rxc7
Nxf3+ 22. gxf3 Qxc7 23. Bxb7 Qxb7 24. Nd6 Qc6 25. Qxc6 Rxc6 26. Nb5 a6 27. Nd4
Rc4 28. Kf1 e5 29. Nf5 Nc3 30. Rc1 Rc7 31. Ke1 Kf8 32. e4 Nb5 33. Rd1 f6 34.
Rd8+ Kf7 35. Rb8 Rc6 36. Rb7+ Nc7 37. Kd2 g6 38. Ne3 Ke6 39. a4 f5 40. Kd3 Rd6+
41. Kc3 Rc6+ 42. Kb3 f4 43. Nc4 b5 44. Na5 bxa4+ 45. Kb2 a3+ 46. Kxa3 Rc3+ 47.
Kb2 Rxf3 48. Rxc7 Rxf2+ 49. Kc3 Re2 50. Rc6+ Ke7 51. Rxa6 Rxe4 52. Nc4 f3 53.
Ra2 g5 54. b5 Re1 55. b6 Rb1 56. Nxe5 Rxb6 57. Nxf3 Kf6 58. Nd4 g4 59. Ra5 Rb1
60. Kd3 Rh1 61. Ra2 Kg5 62. Ke3 h5 63. Ne6+ Kf5 64. Nf4 h4 65. Ra5+ Kf6 66. Nh5+
Ke6 67. Kf4 Rxh2 68. Kxg4 Kd6 69. Nf4 Kc6 70. Rh5 Kb6 71. Rh6+ Kc5 72. Nh3 Rg2+
73. Kxh4 Rg8 74. Ng5 Ra8 75. Kg4 Kd5 76. Kf5 Kd4 77. Rd6+ Kc5 78. Ne4+ Kc4 79.
Kf4 Ra3 80. Rc6+ Kd5 81. Rd6+ Kc4 82. Rd7 Rh3 83. Nd2+ Kc5 84. Nf3 Rh8 85. Ke4
Re8+ 86. Ne5 Rh8 87. Rc7+ Kb4 88. Nd3+ Kb5 89. Ne5 Kb6 90. Rc3 Rd8 91. Nf3 Re8+
92. Kd3 Rd8+ 93. Nd4 Rh8 94. Rc6+ Kb7 95. Rc5 Rc8 96. Re5 Kc7 97. Ke4 Kb6 98.
Rb5+ Ka6 99. Rb3 Rd8 100. Kd3 Rc8 101. Rb1 Ka7 102. Ne6 Rb8 103. Rc1 Kb6 104.
Kd4 Rh8 105. Kd5 Rh5+ 106. Kd6 Kb5 107. Nf4 Rh6+ 108. Kd5 Rh4 109. Rb1+ Ka4 110.
Nd3 Rh3 111. Kc4 Rh4+ 112. Kc3 Ka5 113. Ne5 Rh3+ 114. Kc4 Rh5 115. Nc6+ Ka6 116.
Nd4 Ka7 117. Ne6 Ka8 118. Nc5 Ka7 119. Kb5 Rh6 120. Ra1+ Kb8 121. Rf1 Kc7 122.
Rd1 Rb6+ 123. Kc4 Rd6 124. Rh1 Rg6 125. Rh4 Kc6 126. Nb3 Kd7 127. Nd4 Kd6 128.
Rh5 Rg4 129. Ra5 Ke7 130. Ra6 Rg5 131. Kd3 Rg4 132. Nf5+ Kd7 133. Nd4 Ke7 134.
Kc4 Rg5 135. Rb6 Kf7 136. Re6 Rg4 137. Rh6 Rg5 138. Nf3 Rf5 139. Nd4 Rg5 140.
Kd3 Rg4 141. Rh5 Kg6 142. Rd5 Kf7 143. Rd6 Ke7 144. Nf5+ Ke8 145. Rf6 Ra4 146.
Nd4 Ke7 147. Rh6 Kf7 148. Ke4 1/2-1/2

[Event "PRO League Group Stage"]
[Site "chess.com INT"]
[Date "2019.01.21"]
[Round "3"]
[White "Abdusattorov, Nodirbek"]
[Black "Ganguly, Surya Shekhar"]
[Result "0-1"]
[WhiteTitle "GM"]
[BlackTitle "GM"]
[WhiteElo "2560"]
[BlackElo "2638"]
[WhiteTeam "Volga Stormbringers"]
[BlackTeam "Mumbai Movers"]
[WhiteFideId "14204118"]
[BlackFideId "5002150"]
[EventDate "2019.01.08"]

1. e4 e6 2. d4 d5 3. Bd3 dxe4 4. Bxe4 Nf6 5. Bf3 c5 6. Ne2 Be7 7. O-O O-O 8. Be3
cxd4 9. Bxd4 Qc7 10. Nd2 e5 11. Be3 Rd8 12. Nc3 Be6 13. Qe2 Nc6 14. Bxc6 Qxc6
15. Nf3 Nd7 16. Rfd1 f6 17. Qb5 Nb6 18. Qxc6 bxc6 19. Ne4 Rd5 20. b3 Rad8 21.
Nc3 Rxd1+ 22. Rxd1 Rxd1+ 23. Nxd1 Kf7 24. c4 Bf5 25. Nd2 Bd3 26. f3 f5 27. Kf2
f4 28. Bxb6 axb6 29. Nc3 Ke6 30. Nde4 h5 31. Ke1 Bb4 32. Kf2 Kf5 33. h3 h4 34.
Kg1 Ba3 35. Kf2 Bb4 36. Kg1 b5 37. cxb5 cxb5 38. a4 bxa4 39. bxa4 Ke6 40. Kf2
Bc4 41. Nb5 Kd7 42. Nbc3 Kc6 43. Nb5 Be7 44. Ke1 Bd3 45. Kf2 Bd8 46. Ke1 Ba5+
47. Kf2 Kd5 48. Nbc3+ Kc4 49. Nb5 Bb6+ 50. Ke1 Ba5+ 51. Kf2 Bd8 52. Nbd6+ Kd5
53. Nb5 Bc2 54. Ke2 Ba5 55. Nbd6 g6 56. Nb5 Bxe4 57. fxe4+ Kxe4 58. Nd6+ Kd5 59.
Nb7 Bc7 60. a5 e4 61. a6 Bb6 62. Nd8 g5 63. Nf7 g4 64. Ng5 g3 65. Kf1 Ba7 66.
Ke2 Ke5 67. Kf1 Kf5 68. Nf7 f3 69. Nd6+ Kf4 70. Nb5 e3 71. Nc3 Bd4 72. gxf3 Kxf3
73. Ne2 g2+ 74. Ke1 Ba7 75. Ng1+ Kg3 76. Ke2 Kh2 0-1

[Event "PRO League Group Stage"]
[Site "chess.com INT"]
[Date "2019.01.21"]
[Round "3"]
[White "Andreikin, Dmitry"]
[Black "Kunte, Abhijit"]
[Result "1-0"]
[WhiteTitle "GM"]
[BlackTitle "GM"]
[WhiteElo "2725"]
[BlackElo "2485"]
[WhiteTeam "Volga Stormbringers"]
[BlackTeam "Mumbai Movers"]
[WhiteFideId "4158814"]
[BlackFideId "5002265"]
[EventDate "2019.01.08"]

1. e4 e5 2. Nf3 Nc6 3. Bc4 Bc5 4. c3 Nf6 5. d3 a6 6. O-O d6 7. Bg5 h6 8. Bh4 g5
9. Bg3 Qe7 10. b4 Ba7 11. Nbd2 Be6 12. a4 O-O 13. b5 Na5 14. Bxe6 fxe6 15. d4
exd4 16. Nxd4 Bb6 17. e5 Nd5 18. Qh5 Kh7 19. Ne4 Nc4 20. Nxe6 Rf5 21. N4xg5+ Kg8
22. Qg6+ 1-0

[Event "PRO League Group Stage"]
[Site "chess.com INT"]
[Date "2019.01.21"]
[Round "3"]
[White "Mohammad, Nubairshah Shaikh"]
[Black "Remizov, Yaroslav"]
[Result "1-0"]
[WhiteTitle "IM"]
[BlackTitle "FM"]
[WhiteElo "2437"]
[BlackElo "2357"]
[WhiteTeam "Mumbai Movers"]
[BlackTeam "Volga Stormbringers"]
[WhiteFideId "5053196"]
[BlackFideId "34134015"]
[EventDate "2019.01.08"]

1. d4 d5 2. c4 e6 3. Nc3 c6 4. Nf3 dxc4 5. Bg5 f6 6. Bd2 b5 7. a4 Bb4 8. axb5
Bxc3 9. Bxc3 cxb5 10. b3 Ne7 11. bxc4 bxc4 12. e4 f5 13. Bxc4 fxe4 14. Ng5 Nd5
15. Bb5+ Kf8 16. Nxe4 Bb7 17. O-O Nxc3 18. Nxc3 Qg5 19. d5 exd5 20. Re1 Nc6 21.
Nxd5 Ne5 22. Rxe5 Qxe5 23. Qf3+ Kg8 24. Ne7+ Qxe7 25. Bc4+ Bd5 26. Bxd5+ 1-0